| 000 | 00740nam a2200169 i 4500 | ||
|---|---|---|---|
| 001 | 188052 | ||
| 003 | SpMaBN | ||
| 005 | 20230906223109.0 | ||
| 008 | 180420s1927 sp bf |||| | spa d | ||
| 100 | 1 |
_aRamón y Arrufat, Antonio. _995225 |
|
| 245 | 1 | 3 |
_aLa Orden Benedictina _b: (resumen histórico) / _cDom Antonio Ramón Arrufat ; traducido del catalán por Dom Gerardo M.ª Salvany. |
| 260 |
_aMontserrat : _b[Monasterio de Ntra. Sra. de Montserrat], _c1927. |
||
| 300 |
_a346 p., [27] h. de lám., [1] h. pleg. de mapa ; _c19 cm. |
||
| 610 | 2 | 4 |
_aBenedictinos- _vHistoria. _9162036 |
| 710 | 2 |
_aAbadía de Montserrat. _91133 |
|
| 852 |
_aES-MaACL _jL-31932 _z- Enc. cart. _z. - Donat. herederos de la bibl. de Mª del Pilar Costa Palacín |
||
| 999 |
_c188052 _d188052 |
||